000 00486nam a22001937a 4500
003 OSt
005 20180116183046.0
008 160721b xxu||||| |||| 00| 0 eng d
020 _a0444006656
040 _c0
082 _a361.61 QUA 1982
100 _aE.S.Quade
245 _aAnalysis For Public Decisions
_cE.S.Quade
250 _a2nd Edition
260 _aNew York
_bNorth Holland
_c1982
300 _a380 p.
_bHB
440 _aAnalysis For Public Decisions
942 _2ddc
_cBK
999 _c351440
_d351440